Daily Capital City Riddle #117 - Statistics

General Stats
  • This quiz has been taken 49 times
  • The average score is 29 of 33
Answer Stats
Type Answer % Correct
Correctly Placed Letter A
100%
Found Letter A
100%
Alphabet Letter I
100%
Alphabet Letter L
100%
Alphabet Letter N
100%
Found Letter R
100%
Alphabet Letter D
98%
Alphabet Letter O
98%
Found Letter E
95%
Found Letter S
95%
Alphabet Letter T
95%
Alphabet Letter C
93%
Correctly Placed Letter M
93%
Found Letter M
93%
Alphabet Letter B
91%
Alphabet Letter G
91%
Alphabet Letter H
91%
Correctly Placed Letter S
89%
Found Letter U
89%
Alphabet Letter W
89%
Alphabet Letter P
86%
Alphabet Letter K
84%
Alphabet Letter Y
82%
Alphabet Letter J
77%
Correctly Placed Letter U
75%
Alphabet Letter V
75%
Alphabet Letter X
75%
Correctly Placed Letter E
73%
Alphabet Letter F
70%
Mystery Capital Maseru
70%
Alphabet Letter Q
70%
Correctly Placed Letter R
70%
Alphabet Letter Z
70%
No matching quizzes found
Score Distribution
Percent of People with Each Score
Percentile by Number Answered
Your Score History
You have not taken this quiz